000 00395nam a22001697a 4500
003 MPLRDC
005 20220104123531.0
008 210129b ||||| |||| 00| 0 eng d
082 _a177 DHH-4
100 _a多湖辉
245 _a你就是赢家
_c
250 _a再版
260 _a
_b国丰文化出版社
_c1992
300 _b
650 _a应用心理学
942 _cBK
_o177 DHH-4
999 _c12182
_d12172